00701 2200229 4500001002100000005001700021008004100038035002400079082001300103090002400116100001800140245009700158260002800255300003300283500007700316500002600393650001300419850000900432985000600441986000900447999001500456YOGYA-0209000007218820090227093614.0 ind  0010-020900000072188 a658.8342 a658.8342bPra SlSK aPRAMONO, Widi aSikap konsumen terhadap deterjen bubuk merk rinso di Kotamadya Yogyakartacoleh Widi Pramono aYogyakartab[s.n]c1996 avii,80[11]lembarbilusc30cm aSkripsifkkultas Ekonomi Universitas Sarjana Wiyata Tamansiswa Yogyakarta aBibliografi:lembar[81 aKonsumen aBPAD a1 aheru a08A0036184